00861nam a2200241Ia 450000100060000000300090000600800410001504000130005604000130006904100120008210000220009410000290011624500550014524500690020025000110026926000180028026000260029826000490032430000580037350001200043165000370055165000310058825145IT-RoPAU130308s9999 xx 000 0 und d aIT-RoPAU cIT-RoPAU aINGLESE aBuchanan Bruce G. gCodice Aut. SPICS: 26235 aArtificial Intelligence-Toward machines That Think bEncyclopaedia Britannica-1985-Yearbook Of Science And The Future a1a ed. aCHICAGO (USA) bUniversity Of Chicago c1984 [1° Ed.:1984 - Ed.Ling.Originale:1984] a"14 p. (prefazione: no ; testo: 14 [pagine: 98-111])" aIntelligenza Artificiale Macchine che Pensano Controllo e Problemi con Il Computer Linguaggi e sistemi Applicazioni aENCICLOPEDIE DI CULTURA GENERALE eCodice materia Spics: 1001